Województwa według opisu herbu - Statystyki

Ogólne statystyki
  • Ten quiz został rozwiązany 106 razy
  • Średni wynik to 9 z 16
Statystyki odpowiedzi
Opis Województwo % Poprawnych
Żółte tło z czarnym gryfem pokazującym język. Pomorskie
83%
Czerwone tło z białym orłem i złotymi elementami - szponami, koroną, dziobem i przepaską. Małopolskie
71%
Dwa pola, oba czerwone. Górne z białym orłem w złotej koronie, dolne z litewską Pogonią. Podlaskie
71%
Niebieskie tło, złoty orzeł z koroną. Opolskie
64%
Niebieskie tło, złoty orzeł bez korony. Śląskie
63%
Złote tło z czarnym orłem i białą przepaską. Dolnośląskie
62%
Czerwone tło, biały jeleń z koroną na szyi. Lubelskie
62%
Białe tło z czerwonym gryfem ze złotymi szponami i dziobem. Zachodniopomorskie
60%
Czerwone tło, biały orzeł ze złotymi elementami: dziobem i szponami, brak korony. Mazowieckie
59%
Czerwone tło, biały orzeł ze złotymi elementami: dziobem, szponami, przepaską i przewiązką na ogonie, brak korony. Wielkopolskie
55%
Cztery pola - pierwsze niebieskie ze złotym krzyżem patriarchalnym, drugie czerwone z białym orłem w koronie, w trzecim osiem pasów na przemian czerwonych i białych, czwarte niebieskie z ośmioma sześcioramiennymi złotymi gwiazdami. Świętokrzyskie
53%
Trzy pasy, od lewej: żółty, czerwony, żółty. Trzy istoty - na dole czarny orzeł, po lewej pół-lew, pół-orzeł czerwono-białym po prawej pół-orzeł, pół-lew czarno-czerwony. Łódzkie
49%
Białe tło, pół-orzeł, pół-lew czerwono-czarny w złotej koronie. Kujawsko-pomorskie
46%
Dwa pola - lewe czerwone z połową białego orła ze złotą koroną, prawe zielone z dwoma sześcioramiennymi, złotymi gwiazdami. Lubuskie
44%
Dwa pola - lewe czerwone z białym gryfem w koronie, prawe niebieskie ze złotym lwem w koronie, między polami krzyż kawalerski srebrny. Podkarpackie
37%
Trzy pola, wszystkie czerwone. Pierwsze szerokie z białym orłem w złotej koronie, drugie z białym Barankiem Bożym, trzecie z czarnym orłem ze złotą koroną na szyi i złotą literą S. Warmińsko-mazurskie
33%
Nie znaleziono quizów pasujących do podanych kryteriów
Rozkład punktacji
Procent ludzi z każdym wynikiem
Percentyl według liczby udzielonych odpowiedzi
Twoja historia wyników
Nie rozwiązałeś tego quizu